| 000 | 00831cam a2200229 4500 | ||
|---|---|---|---|
| 008 | 090401t1997 xxu||||| |||| 00| 0 eng d | ||
| 020 | _a0101369921 | ||
| 035 | _a(Sirsi) u80699 | ||
| 041 | _aeng | ||
| 050 |
_a333.3309411 _c18 |
||
| 110 |
_aMonopolies and Mergers Commission _9715 |
||
| 245 |
_aSolicitors' estate agency services in Scotland _ba report on the supply of residential estate agency services in Scotland |
||
| 260 |
_aLondon _bStationery Office _c1997 |
||
| 300 |
_av, 303p. _c30cm. |
||
| 350 | _a22 | ||
| 490 |
_aCm _v3699 |
||
| 650 | _aSCOTLAND | ||
| 690 | _aPROPERTY-RESIDENTIAL PROPERTY-RESIDENTIAL PROPERTY AGENCY | ||
| 856 |
_uhttps://www.competition-commission.org.uk/rep_pub/reports/1997/406solicitor.htm _zView the report at www.competition-commission.org.uk... |
||
| 942 | _n0 | ||
| 948 | _c08/09/1997 | ||
| 999 |
_c96629 _d96629 |
||